Los Bizantinos /

Mientras la mayor parte del mundo se sumergía en la oscuridad tras la caída de Roma, una civilización brillaba con luz propia: el Imperio Bizantino. Ejerciendo un poder despiadado y dotados de un gran ingenio, los bizantinos gobernaron vastas regiones de Europa y Asia durante más de mil años. Trazar...

Descripción completa

Guardado en:
Autor Principal: Cassel, Christopher
Autor Corporativo: History Channel.
Formato: Deslizar
Publicado: Estados Unidos, 2006.
Series:La construcción de un imperio - Capítulo 12
DVD 2
Materias:
Etiquetas: Agregar Etiqueta
Sin Etiquetas, Sea el primero en etiquetar este registro!
LEADER 02000ngm a22003255g 4500
001 CEM.cems023545
008 130507s2006##################0###0#####d
005 20250604153002.0
245 1 0 |a Los Bizantinos /  |c Christopher Cassel. 
260 |a Estados Unidos,  |c 2006. 
300 |a 44'. 
490 0 |a La construcción de un imperio - Capítulo 12 
490 1 |a DVD 2 
500 |a Consultar en ventanilla. 
520 |a Mientras la mayor parte del mundo se sumergía en la oscuridad tras la caída de Roma, una civilización brillaba con luz propia: el Imperio Bizantino. Ejerciendo un poder despiadado y dotados de un gran ingenio, los bizantinos gobernaron vastas regiones de Europa y Asia durante más de mil años. Trazaron un puente a la antigüedad que preservó el aprendizaje clásico y la ciencia que más tarde daría lugar al Renacimiento. Gobernado por dirigentes que ejercían un poder absoluto, Bizancio contaba con arquitectos que desarrollaron las maravillas de la ingeniería romana. Los bizantinos construyeron el acueducto más largo del mundo antiguo, ciudades amuralladas virtualmente invencibles, un estadio gigantesco y una inmensa catedral abovedada que desafiaba las leyes de la naturaleza. El Imperio Bizantino fue la civilización predominante durante la Edad Media. Sin embargo, después de mil años de dominio, sus enormes construcciones les traicionaron y su luz se extinguió ante el resplandor de la guerra moderna. 
538 |a Soporte: DVD - Color: Si - Grabación DRD 
100 1 |a Cassel, Christopher 
710 2 |a History Channel. 
082 9 0 |/ CAS-2 
653 |a HISTORIA 
653 |a HISTORIA UNIVERSAL 
653 |a HISTORIA DE LAS CIVILIZACIONES 
653 |a HISTORIA ANTIGUA 
653 |a LA CONSTRUCCION DE UN IMPERIO 
653 |a EDAD MEDIA 
653 |a BIZANCIO 
653 |a IMPERIO BIZANTINO 
653 |a PROGRAMA DE TELEVISIÓN 
653 |a DOCUMENTAL 
859 |a CEMS  |b BIB. CEMS - Depto. Recursos Didacticos  |h 909  |i CAS-2  |k DRD  |p 2188.15  |t Ej.1